El sayal y la púrpura
-д хадгалсан:
| Үндсэн зохиолч: | |
|---|---|
| Формат: | Ном |
| Хэл сонгох: | испани |
| Хэвлэсэн: |
Buenos Aires
Losada
1947
|
| Цуврал: | Biblioteca contemporánea, 198
|
| Нөхцлүүд: | |
| Шошгууд: |
Шошго нэмэх
Шошго байхгүй, Энэхүү баримтыг шошголох эхний хүн болох!
|
MARC
| LEADER | 00000nam a2200000 a 4500 | ||
|---|---|---|---|
| 001 | UCX3587 | ||
| 003 | CL-VaPUC | ||
| 008 | 911115e19470000AG |||||||||||||||||spa|d | ||
| 082 | 0 | 4 | |a Ar864 |b MAL |2 21 |
| 100 | |a Mallea, Eduardo |e autor |9 541859 | ||
| 245 | 1 | 3 | |a El sayal y la púrpura |
| 300 | |a 232 p | ||
| 942 | |c BK | ||
| 945 | |d 19911115 00:00:00 | ||
| 260 | |a Buenos Aires |b Losada |c 1947 | ||
| 650 | 0 | |a Ensayos argentinos |9 269128 | |
| 583 | |a last modification |c 19911115 00:00:00 |k Rodrigo Vera | ||
| 490 | 0 | |a Biblioteca contemporánea, 198 | |
| 999 | |c 224306 |d 224304 | ||
| 952 | |0 0 |1 0 |4 0 |6 AR_864_000000000000000_MAL_1947 |7 0 |8 A |9 220849 |a BIBEDU |b BIBEDU |d 2019-11-15 |i 2895919 |o Ar864 MAL 1947 |p 2895919 |r 2019-11-15 |w 2019-11-15 |y BK |k LIT | ||